000
00344nam a2200145Ia 4500
008
240624s9999 xx 000 0 und d
041
_a
eng
082
_a
306 KIV
100
_a
KIVISTO PETER
245
_a
KEY IDEAS IN SOCIOLOGY
250
_a
(3rd ed.)
260
_c
2011
_a
New Delhi
_b
Sage Publications
300
_a
240 : p.
365
_c
_b
26
999
_c
20997
_d
20997